Countries with the most landmines - Statistics

General Stats
  • This quiz has been taken 35 times
  • The average score is 6 of 10
Answer Stats
Amount Answer % Correct
16,000,000 Iran
79%
10,000,000 Iraq
79%
3,500,000 Vietnam
79%
7,000,000 Cambodia
75%
10,000,000 Afghanistan
64%
10,000,000 China
61%
6,000,000 Bosnia and Herzegovina
50%
23,000,000 Egypt
46%
10,000,000 Angola
32%
5,000,000 Kuwait
11%
No matching quizzes found
Score Distribution
Percent of People with Each Score
Percentile by Number Answered
Your Score History
You have not taken this quiz